00693cam a2200193 a 4500020001600000082001500016100005400031245005500085260003700140300003400177500007400211500005000285500004700335500005300382500002200435650001000457650001000467700002200477 a0070232377  a615.58 FAM aThe Family physician's compendium of drug therapy04aThe Family physician's compendium of drug therapy. aNew York :bMcGraw-Hill,cc1987. axxxii, 1899 p. :bcol. ill. ; aCover title: The family physician's compendium of drug therapy, 1988. aSpine title: Compendium of drug therapy 1988. aRunning title: Compendium of drug therapy. a"Edwin S. Geffner, editor-in-chief"--T.p. verso. aIncludes indexes. 0aDrugs 0aDrugs1 aGeffner, Edwin S.